| 000 | 00996nmm a2200361 a 4500 | ||
|---|---|---|---|
| 003 | AR-BaBNM | ||
| 005 | 20251128210156.0 | ||
| 008 | 259019s1998 ||||||||||||||000 | spa|| | ||
| 020 | _a968-24-3039-9 | ||
| 040 | _cAR-BaBNM | ||
| 100 | 1 | _aGarza, Rosa María | |
| 245 | 1 | 0 | _aAprender como aprender |
| 250 | _a1ª ed. | ||
| 260 |
_aMéxico, D.F. _bTrillas _c1998 |
||
| 300 |
_a139 p. _btablas, il. |
||
| 504 | _aContiene bibliografía p. 137-138 | ||
| 600 | 1 | 4 | _aPiaget, Jean |
| 600 | 1 | 4 | _aVigotsky, Liev Semiónovich |
| 600 | 1 | 4 | _aBruner, Jerome S. |
| 600 | 1 | 4 | _aAusubel, David P. |
| 650 | 4 | _aAPRENDIZAJE | |
| 650 | 4 | _aPROCESO DE APRENDIZAJE | |
| 650 | 4 | _aPSICOLOGIA DE LA EDUCACION | |
| 650 | 4 | _aTEORIAS DEL APRENDIZAJE | |
| 650 | 4 | _aAPRENDIZAJE MEDIANTE EL DESCUBRIMIENTO | |
| 650 | 4 | _aACTIVIDADES DE APRENDIZAJE | |
| 650 | 4 | _aCONDUCTISMO | |
| 653 | _aCONSTRUCTIVISMO | ||
| 653 | _aCOGNITIVISMO | ||
| 700 | 1 | _aLeventhal, Susana | |
| 942 | _cBK | ||
| 998 | _cRaquel | ||
| 999 |
_c14383 _d14383 |
||